LEADER 01222nam a2200277 i 4500 001 991002645579707536 008 040707s2003 it 000 0 ita d 020 $a8834832434 035 $ab12955358-39ule_inst 040 $aDip.to Studi Giuridici$bita 082 $a344.01 100 1 $aOrlandini, Giovanni$0280195 245 10$aSciopero e servizi pubblici essenziali nel processo d'integrazione europea :$buno studio di diritto comparato e comunitario /$cGiovanni Orlandini ; con una prefazione di Lord Wedderburn 260 $aTorino :$bG.Giappichelli,$cc2003 300 $axvi, 401 p. ;$c24 cm 440 0$aDiritto del lavoro ;$v21 504 $aInclude riferimenti bibliografici (p. 377-401) 650 4$aUnione Europea$xDiritto e legislazione 650 4$aDiritto comparato 700 1 $aWedderburn of Charlton, Kenneth William Wedderburn 907 $a.b12955358$b12-11-09$c07-07-04 912 $a991002645579707536 945 $aLE027 344.01 ORL01.01$g1$i2027000059362$lle027$o-$pE38.00$q-$rl$s- $t0$u9$v4$w9$x0$y.i13554529$z07-07-04 996 $aSciopero e servizi pubblici essenziali nel processo d'integrazione europea$9279955 997 $aUNISALENTO 998 $ale027$b07-07-04$cm$da $e-$fita$git $h0$i0 LEADER 02480oam 2200577zu 450 001 9910154283203321 005 20210731015751.0 010 $a0-19-060363-1 035 $a(CKB)3710000000733604 035 $a(SSID)ssj0001682588 035 $a(PQKBManifestationID)16507474 035 $a(PQKBTitleCode)TC0001682588 035 $a(PQKBWorkID)14874413 035 $a(PQKB)11288197 035 $a(StDuBDS)EDZ0001494957 035 $a(MiAaPQ)EBC4706860 035 $a(EXLCZ)993710000000733604 100 $a20160829d2016 uy 101 0 $aeng 135 $aur||||||||||| 181 $ctxt 182 $cc 183 $acr 200 00$aCheckbook elections? : political finance in comparative perspective 210 1$aNew York, NY :$cOxford University Press,$d2016. 215 $a1 online resource $cillustrations (black and white) 300 $aBibliographic Level Mode of Issuance: Monograph 311 $a0-19-060360-7 320 $aIncludes bibliographical references and index. 330 8 $aMoney in essential for electoral politics yet its use and abuse often raises problems of graft, corruption, and cronyism. To throw new light on these challenges, this book addresses three related questions: (1) What types of public policies are commonly used around the world to regulate the role of money in politics? This includes public subsidies to political parties, spending limits and donor caps, and disclosure and transparency requirements. (2) What triggers landmark reforms in political finance? (3) 'What works,' what fails, and why - when countries reform regulations? 606 $aCampaign funds$xLaw and legislation$vCase studies 606 $aCampaign funds 606 $aComparative government 606 $aPolitical Institutions & Public Administration - General$2HILCC 606 $aGovernment - General$2HILCC 606 $aLaw, Politics & Government$2HILCC 615 0$aCampaign funds$xLaw and legislation 615 0$aCampaign funds. 615 0$aComparative government. 615 7$aPolitical Institutions & Public Administration - General 615 7$aGovernment - General 615 7$aLaw, Politics & Government 676 $a324.7/8 702 $aAbel van Es$b Andrea 702 $aNorris$b Pippa 702 $aNorris$b Pippa 801 0$bPQKB 906 $aBOOK 912 $a9910154283203321 996 $aCheckbook elections? : political finance in comparative perspective$92879213 997 $aUNINA